01464nam a2200373 c 450000100060000000300100000600500170001600700030003300800410003602000180007704000350009504100080013008200210013808200240015910000420018324500950022525000180032026400510033830000580038933600270044733700330047433800280050749000260053550000620056150400410062352100410066460000920070565000670079765000780086465000780094270000400102094200130106099900170107359986CO-BoRNBP20251113212612.0ta210812q2010 sp ao er 001 0bspa d a9788499280233 aCO-BoRNBPbspaerdacCO-BoRNBP0 aspa04aR 759.054bS67 /04aR 759.946bG17s222 aGarcía Sánchez, Lauraeaut96741910aSorolla /ctextos Laura García Sánchez ; dirección editorial María Jesús Díaz. a1a. edición 1aMadrid, España :bSusaeta Ediciones,c[2010] a255 páginas :bilustraciones, fotografías a color atextobtxt2rdacontent asin mediaciónbn2rdamedia avolumenbnc2rdacarrier0 aEnciclopedia del arte aIncluye índice alfabético de obras al final del texto aIncluye referencias bibliográficas aRecomendado para un público adulto 0aSorolla, Joaquínd1863-1923xTrabajos pictóricosxCritica e interpretación96742004aArte españolxHistoriavExposiciones ambulantes2LEMB96742104aArtistas españolesySiglo XIXvEnsayos, conferencias, etc.2LEMB96742207aPintores españolesySiglo XIXvEnsayos, conferencias, etc.2lemb967423 aDíaz, María Jesúseedt963141 2ddccREF c59986d59986